000 00534nam a2200181Ia 4500
003 GCL
008 140319s9999 xx 000 0 ara d
040 _aGCL /
_cGCL
082 0 4 _a415.1
_bك ف
100 1 _aكمال بسيونى
245 1 0 _aفن الاعراب /
_cكمال بسيونى
260 _a[S.N] :
_bمكتبة النهضة المصرية ،
_c1989
300 _a132 ص
490 _aمكتبة الدراسات النحوية
_v0
650 0 4 _aالنحو
650 0 4 _aاللغة العربية
942 _2ddc
_cBK
999 _c29746
_d29746